<?xml version="1.0" encoding="UTF-8"?>
<collection xmlns="http://www.loc.gov/MARC21/slim">
  <record>
    <leader>00000nam  2200000   4500</leader>
    <controlfield tag="001">INLIS000000000016539</controlfield>
    <controlfield tag="005">20231127033509</controlfield>
    <datafield tag="035" ind1="#" ind2="#">
      <subfield code="a">0010-1123000182</subfield>
    </datafield>
    <controlfield tag="007">ta</controlfield>
    <controlfield tag="008">231127################g##########0#eng##</controlfield>
    <datafield tag="082" ind1="#" ind2="#">
      <subfield code="a">350</subfield>
    </datafield>
    <datafield tag="084" ind1="#" ind2="#">
      <subfield code="a">350 ELE</subfield>
    </datafield>
    <datafield tag="245" ind1="#" ind2="#">
      <subfield code="a">Elements of Public Administration :</subfield>
      <subfield code="b">Second Edition /</subfield>
      <subfield code="c">Editor : Fritz Morstein Marx</subfield>
    </datafield>
    <datafield tag="260" ind1="#" ind2="#">
      <subfield code="a">New Jersey :</subfield>
      <subfield code="b">Prentice - Hall,</subfield>
      <subfield code="c">1959</subfield>
    </datafield>
    <datafield tag="300" ind1="#" ind2="#">
      <subfield code="a">xxviii, 572 hal. ;</subfield>
      <subfield code="c">23 cm</subfield>
    </datafield>
    <datafield tag="600" ind1="#" ind2="4">
      <subfield code="a">Administrasi negara</subfield>
    </datafield>
    <datafield tag="856" ind1="#" ind2="#">
      <subfield code="a">Perpustakaan LAN</subfield>
    </datafield>
    <datafield tag="990" ind1="#" ind2="#">
      <subfield code="a">8085</subfield>
    </datafield>
  </record>
</collection>
